[Event "Washington State-chB"]
[Site "Kirkland"]
[Date "2020.02.15"]
[Round "6"]
[White "Moroney, Timothy"]
[Black "Lewis Sandy, Joshua"]
[Result "1-0"]
[WhiteElo "2019"]
[BlackElo "1829"]
[PlyCount "79"]
[EventDate "2020.02.08"]
[EventType "tourn"]
[EventRounds "9"]
[EventCountry "USA"]
[SourceTitle "EXT 2023"]
[Source "ChessBase"]
[SourceDate "2022.10.05"]
[SourceVersion "1"]
[SourceVersionDate "2022.10.05"]
[SourceQuality "1"]

1. e4 c5 2. Nf3 Nc6 3. Bb5 e6 4. 0-0 Nge7 5. b3 a6 6. Bxc6 Nxc6 7. Bb2 b5 8. c4 Bb7 9. Na3 bxc4 10. bxc4 d6 11. d3 e5 12. Nc2 Be7 13. Ne3 0-0 14. Nd5 Bc8 15. Nd2 Nb4 16. Nxb4 cxb4 17. a3 bxa3 18. Bxa3 f5 19. Rb1 Qc7 20. Qb3 Be6 21. Qb7 Rfc8 22. exf5 Bxf5 23. Qd5+ Kh8 24. Rb7 Qd8 25. f4 Bd7 26. Qf7 Rab8 27. Rxb8 Rxb8 28. fxe5 Bc6 29. Ne4 Bxe4 30. dxe4 h6 31. exd6 Bxd6 32. Bxd6 Qxd6 33. Qd5 Qa3 34. c5 Qe3+ 35. Kh1 Re8 36. h3 Qxe4 37. Rf8+ Kh7 38. Qg8+ Kg6 39. Qf7+ Kg5 40. Qxe8 1-0

[Event "Washington State-chB"]
[Site "Kirkland"]
[Date "2020.02.09"]
[Round "3"]
[White "Moroney, Timothy"]
[Black "Abramson, Dan"]
[Result "1/2-1/2"]
[WhiteElo "2019"]
[BlackElo "1833"]
[PlyCount "131"]
[EventDate "2020.02.08"]
[EventType "tourn"]
[EventRounds "9"]
[EventCountry "USA"]
[SourceTitle "EXT 2023"]
[Source "ChessBase"]
[SourceDate "2022.10.05"]
[SourceVersion "1"]
[SourceVersionDate "2022.10.05"]
[SourceQuality "1"]

1. e4 e6 2. d4 d5 3. Bd3 c5 4. exd5 Qxd5 5. Nc3 Qd7 6. Bf4 Nf6 7. Nf3 cxd4 8. Ne5 Qd8 9. Bb5+ Nc6 10. Nxc6 bxc6 11. Bxc6+ Bd7 12. Bxa8 dxc3 13. Bf3 cxb2 14. Rb1 Qa5+ 15. Bd2 Qxa2 16. Bc3 Ba3 17. 0-0 Bb5 18. Qd4 0-0 19. Rfd1 Rc8 20. Bxb2 Bc5 21. Qh4 Be7 22. Qg3 g6 23. Bb7 Re8 24. Qc3 Qc4 25. Qxc4 Bxc4 26. Ra1 Rb8 27. Ba6 Bxa6 28. Bxf6 Bxf6 29. Rxa6 Bd4 30. Rd6 Bf6 31. c4 h6 32. Rc6 Be5 33. g3 Kf8 34. f4 Bc3 35. Rd7 Ba5 36. c5 Ke8 37. Rxa7 Bd8 38. Kf2 g5 39. f5 exf5 40. Rxh6 Kf8 41. Rh7 Be7 42. Rc7 Kg8 43. Rh6 Rb2+ 44. Kf3 Rb3+ 45. Ke2 Bf8 46. Rf6 Rb2+ 47. Kd3 Rxh2 48. Rxf5 Bh6 49. Rcxf7 Rh3 50. Rf3 g4 51. R3f5 Rxg3+ 52. Kc4 Rg1 53. R7f6 Kg7 54. Ra6 g3 55. Rff6 Be3 56. Rg6+ Kf7 57. Raf6+ Ke7 58. Re6+ Kf7 59. Rgf6+ Kg7 60. Rf3 Rc1+ 61. Kd3 Bf2 62. Rf5 Rxc5 63. Rxc5 Bxc5 64. Re5 Bf2 65. Rg5+ Kf6 66. Rxg3 1/2-1/2

[Event "Washington State-chB"]
[Site "Kirkland"]
[Date "2020.02.08"]
[Round "2"]
[White "Airapetian, Chouchanik"]
[Black "Moroney, Timothy"]
[Result "1-0"]
[WhiteElo "1915"]
[BlackElo "2019"]
[PlyCount "101"]
[EventDate "2020.02.08"]
[EventType "tourn"]
[EventRounds "9"]
[EventCountry "USA"]
[SourceTitle "EXT 2023"]
[Source "ChessBase"]
[SourceDate "2022.10.05"]
[SourceVersion "1"]
[SourceVersionDate "2022.10.05"]
[SourceQuality "1"]

1. e4 c5 2. Nf3 d6 3. d4 cxd4 4. Nxd4 Nf6 5. Nc3 a6 6. Bg5 e6 7. f4 h6 8. Bxf6 Qxf6 9. Qd2 Nc6 10. Nb3 g5 11. f5 Bd7 12. Be2 0-0-0 13. 0-0 Qe5 14. Bh5 Rh7 15. f6 g4 16. Bxg4 h5 17. Bh3 Bh6 18. Qf2 Rg8 19. Rae1 Bg5 20. Nd2 Bxd2 21. Qxd2 Rg6 22. Nd5 exd5 23. exd5 Bxh3 24. Rxe5 dxe5 25. Rf2 Bd7 26. dxc6 Bxc6 27. Qd6 Rh8 28. Qxe5 Re8 29. Qf5+ Kb8 30. h3 Re1+ 31. Kh2 Ra1 32. a3 h4 33. Qf4+ Ka8 34. Qxh4 Rf1 35. g4 Rh1+ 36. Kg3 Rg1+ 37. Kf4 Re1 38. Qh8+ Re8 39. Qh4 Re6 40. Kg3 Re3+ 41. Kh2 Re1 42. Rd2 Rh1+ 43. Kg3 Rg1+ 44. Kf2 Rg2+ 45. Ke3 Rg1 46. Rd8+ Ka7 47. Qf2 Rh1 48. Kd2+ b6 49. Qf4 a5 50. Qc7+ Bb7 51. Rd7 1-0

[Event "Washington State-chB"]
[Site "Kirkland"]
[Date "2020.02.08"]
[Round "1"]
[White "Moroney, Timothy"]
[Black "Whale, Nicholas"]
[Result "1/2-1/2"]
[WhiteElo "2019"]
[BlackElo "1846"]
[PlyCount "120"]
[EventDate "2020.02.08"]
[EventType "tourn"]
[EventRounds "9"]
[EventCountry "USA"]
[SourceTitle "EXT 2023"]
[Source "ChessBase"]
[SourceDate "2022.10.05"]
[SourceVersion "1"]
[SourceVersionDate "2022.10.05"]
[SourceQuality "1"]

1. c4 g6 2. g3 Bg7 3. Bg2 Nf6 4. Nc3 d6 5. e4 0-0 6. Nge2 c6 7. 0-0 Na6 8. d3 Rb8 9. a4 Qa5 10. Bd2 Qh5 11. Rb1 Nb4 12. d4 e5 13. Nb5 Nd3 14. Nxd6 Ng4 15. h3 Ngxf2 16. Rxf2 Nxf2 17. Kxf2 Bxh3 18. Qh1 Bg4 19. Qxh5 Bxh5 20. d5 Rfd8 21. c5 Bf8 22. Bb4 cxd5 23. exd5 b6 24. Ne4 Bxe2 25. Kxe2 f5 26. c6 Bxb4 27. c7 fxe4 28. Bxe4 Rbc8 29. cxd8Q+ Rxd8 30. Rf1 Kg7 31. Kd3 Rc8 32. Bg2 Bd6 33. Bh3 Rc7 34. Rf3 e4+ 35. Kxe4 Rc4+ 36. Kd3 Rxa4 37. Be6 h5 38. b3 Rb4 39. Kc3 a5 40. Rf7+ Kh6 41. Rf3 b5 42. Kc2 a4 43. bxa4 bxa4 44. Rc3 Rb6 45. Rc6 Rxc6+ 46. dxc6 Bxg3 47. Bd7 Kg5 48. c7 Bxc7 49. Bxa4 Kg4 50. Bd7+ Kh4 51. Kd3 g5 52. Be8 g4 53. Ke2 Kg5 54. Kf2 h4 55. Bd7 Bb6+ 56. Kg2 h3+ 57. Kh1 Kh4 58. Bxg4 Kxg4 59. Kh2 Bc5 60. Kh1 Kg3 1/2-1/2

[Event "British Columbia-Washington m-A"]
[Site "Victoria"]
[Date "2018.01.14"]
[Round "5"]
[White "Doknjas, John"]
[Black "Moroney, Timothy"]
[Result "1-0"]
[WhiteElo "2266"]
[BlackElo "2044"]
[PlyCount "87"]
[EventDate "2018.01.12"]
[EventType "team"]
[EventRounds "5"]
[EventCountry "CAN"]
[SourceTitle "EXT 2022"]
[Source "ChessBase"]
[SourceDate "2021.10.06"]
[SourceVersion "1"]
[SourceVersionDate "2021.10.06"]
[SourceQuality "1"]

1. d4 Nf6 2. c4 e6 3. Nc3 Bb4 4. e3 0-0 5. Bd3 d5 6. Nf3 c5 7. 0-0 Nc6 8. a3 Bxc3 9. bxc3 dxc4 10. Bxc4 Qc7 11. Bb2 e5 12. h3 Rd8 13. Qe2 Qe7 14. Rfd1 Bf5 15. a4 Be6 16. Ba3 Ne4 17. Rac1 Bxc4 18. Qxc4 exd4 19. cxd4 b6 20. dxc5 bxc5 21. Rxd8+ Rxd8 22. Bxc5 Nxc5 23. Qxc5 Rd1+ 24. Kh2 Rxc1 25. Qxc1 Qd6+ 26. g3 g6 27. Qc4 h5 28. Kg2 Qf6 29. Qc5 a5 30. h4 Kg7 31. Nd4 Ne5 32. Qxa5 Nd3 33. Qd2 Qa6 34. Qc3 Kh7 35. Nf3 Qd6 36. Qd4 Qa6 37. a5 Kg8 38. Qb6 Qa8 39. a6 Ne1+ 40. Kf1 Nxf3 41. Qb7 Qd8 42. Qxf3 Qd3+ 43. Qe2 Qe4 44. Qb5 1-0

[Event "British Columbia-Washington m-A"]
[Site "Victoria"]
[Date "2018.01.13"]
[Round "2"]
[White "Moroney, Timothy"]
[Black "Wu, Howard"]
[Result "1-0"]
[WhiteElo "2044"]
[BlackElo "2213"]
[PlyCount "93"]
[EventDate "2018.01.12"]
[EventType "team"]
[EventRounds "5"]
[EventCountry "CAN"]
[SourceTitle "EXT 2022"]
[Source "ChessBase"]
[SourceDate "2021.10.06"]
[SourceVersion "1"]
[SourceVersionDate "2021.10.06"]
[SourceQuality "1"]

1. e4 c5 2. Nf3 Nc6 3. Bb5 g6 4. Bxc6 dxc6 5. 0-0 Bg7 6. Re1 e5 7. d3 Nh6 8. a4 b6 9. Na3 f6 10. h3 Be6 11. c3 Nf7 12. d4 cxd4 13. cxd4 0-0 14. Be3 f5 15. exf5 Bxf5 16. Nc4 e4 17. Nfe5 Qd5 18. Rc1 Rad8 19. a5 b5 20. Nxf7 Kxf7 21. Ne5+ Bxe5 22. dxe5 Qxe5 23. Qb3+ Be6 24. Qc3 Qf5 25. Qxc6 Bc4 26. Bxa7 Rd2 27. Rxc4 bxc4 28. Qxc4+ Qd5 29. Qxd5+ Rxd5 30. b4 Re8 31. Rb1 Rb5 32. Bc5 Rc8 33. Ra1 Ke6 34. a6 Ra8 35. Kf1 Kd5 36. Ke2 Rbb8 37. Rd1+ Kc4 38. Rd4+ Kb5 39. a7 Re8 40. Ke3 Re5 41. Rd7 h5 42. Rb7+ Kc4 43. Rb8 Re8 44. Bd6 Rd8 45. Rxa8 Rxa8 46. Bb8 Kxb4 47. Kxe4 1-0

[Event "Washington State-chC"]
[Site "Redmond"]
[Date "2017.02.11"]
[Round "2"]
[White "Olson, Travis"]
[Black "Moroney, Timothy"]
[Result "1/2-1/2"]
[WhiteElo "1809"]
[BlackElo "2069"]
[PlyCount "78"]
[EventDate "2017.02.11"]
[EventType "tourn"]
[EventRounds "9"]
[EventCountry "USA"]
[SourceTitle "EXT 2023"]
[Source "ChessBase"]
[SourceDate "2022.10.05"]
[SourceVersion "1"]
[SourceVersionDate "2022.10.05"]
[SourceQuality "1"]

1. d4 Nf6 2. c4 c5 3. d5 b5 4. cxb5 a6 5. bxa6 g6 6. g3 Bg7 7. d6 e6 8. Bg2 Rxa6 9. Be3 Ng4 10. Bc1 Qb6 11. Nc3 Qxd6 12. Qxd6 Rxd6 13. Nb5 Rb6 14. a4 d5 15. e4 d4 16. Bd2 Nc6 17. Bf1 0-0 18. Rc1 Bd7 19. Rxc5 Ra8 20. b3 Bf8 21. Rc1 Na7 22. h3 Nxb5 23. hxg4 Na7 24. Bc4 Nc6 25. f4 Na5 26. Bxa5 Rxa5 27. Nf3 Bc6 28. Nxd4 Bxe4 29. Rh2 Bb4+ 30. Ke2 Bd5 31. Bxd5 Rxd5 32. Nf3 Rbd6 33. Rc4 Ba5 34. b4 Bb6 35. Rh1 Rd3 36. Re4 Ra3 37. Rd1 Rxd1 38. Kxd1 Rxf3 39. a5 Ba7 1/2-1/2

[Event "Washington op"]
[Site "Lynnwood"]
[Date "2015.05.24"]
[Round "3"]
[White "Moroney, Timothy"]
[Black "He, Samuel Fei"]
[Result "0-1"]
[WhiteElo "2065"]
[BlackElo "2095"]
[PlyCount "112"]
[EventDate "2015.05.23"]
[EventType "swiss"]
[EventRounds "6"]
[EventCountry "USA"]
[SourceTitle "EXT 2017"]
[Source "ChessBase"]
[SourceDate "2016.10.25"]
[SourceVersion "1"]
[SourceVersionDate "2016.10.25"]
[SourceQuality "1"]

1. c4 e6 2. g3 d5 3. Nf3 Nf6 4. Bg2 dxc4 5. Na3 Bxa3 6. bxa3 0-0 7. Qc2 Nc6 8. Bb2 Qe7 9. 0-0 e5 10. Rfc1 Nd7 11. Qxc4 Nb6 12. Qh4 f6 13. d3 Bf5 14. Nd2 Nd8 15. Qb4 Qd7 16. Nc4 Be6 17. Na5 c6 18. Nb3 Bd5 19. Nc5 Qf7 20. e4 Bxa2 21. a4 Be6 22. Ba3 Re8 23. a5 Nc8 24. d4 b6 25. axb6 axb6 26. Nxe6 Nxe6 27. d5 Nd4 28. dxc6 Ne2+ 29. Kh1 Nxc1 30. Rxc1 Qa2 31. Bb2 Qa5 32. Qb3+ Kh8 33. Bh3 Qa4 34. Qd3 Qb4 35. Bc3 Qd6 36. Qd5 Qxd5 37. exd5 Ne7 38. Rd1 Rad8 39. Bg2 Nxc6 40. Rb1 Ne7 41. Rxb6 Nxd5 42. Bxd5 Rxd5 43. Rb2 h6 44. Bd2 Kh7 45. Kg2 f5 46. h4 Red8 47. Be3 g6 48. Ra2 R8d7 49. Rb2 Rf7 50. Rb4 Rg7 51. Kf3 g5 52. hxg5 hxg5 53. Rb6 Rdd7 54. Re6 Rde7 55. Rxe7 g4+ 56. Ke2 Rxe7 0-1

[Event "Foxwoods op"]
[Site "Ledyard"]
[Date "2009.04.08"]
[Round "1"]
[White "Zenyuk, Iryna"]
[Black "Moroney, Timothy"]
[Result "1/2-1/2"]
[WhiteElo "2305"]
[BlackElo "1988"]
[PlyCount "82"]
[EventDate "2009.04.08"]
[EventType "swiss"]
[EventRounds "9"]
[EventCountry "USA"]
[SourceTitle "CBM 129 Extra"]
[Source "ChessBase"]
[SourceDate "2009.05.05"]
[SourceVersion "2"]
[SourceVersionDate "2009.05.20"]
[SourceQuality "1"]

1. d4 d5 2. Nf3 Nf6 3. c4 e6 4. Nc3 Be7 5. Bf4 0-0 6. e3 b6 7. Rc1 c5 8. cxd5 exd5 9. Bd3 Bb7 10. 0-0 Nc6 11. Bb1 Rc8 12. Ne5 Re8 13. Qd3 g6 14. Rfd1 Bd6 15. Nf3 Nb4 16. Qb5 c4 17. Bxd6 Qxd6 18. a3 Nc6 19. Qa4 a6 20. Qc2 Rc7 21. h3 Na5 22. Ba2 Bc8 23. g4 h5 24. g5 Bf5 25. Qa4 Bd7 26. Qb4 Qe6 27. gxf6 Qxf6 28. Ne5 Bxh3 29. f4 Qh4 30. Ne2 f6 31. Qxb6 Rb7 32. Qxa5 Rxe5 33. dxe5 Qg4+ 34. Kf2 Rxb2 35. Qxd5+ Kh7 36. Qf7+ Kh6 37. Qf8+ Kh7 38. Qf7+ Kh6 39. Qf8+ Kh7 40. Qe7+ Kh6 41. Qf8+ Kh7 1/2-1/2

[Event "Michigan Juniors"]
[Site "East Grand Rapids"]
[Date "2005.03.19"]
[Round "2.2"]
[White "Kowalski, Brent"]
[Black "Moroney, Timothy"]
[Result "0-1"]
[WhiteElo "1276"]
[BlackElo "1905"]
[PlyCount "76"]
[EventDate "2005.03.19"]
[EventType "swiss"]
[EventRounds "5"]
[EventCountry "USA"]
[SourceTitle "EXT 2006"]
[Source "ChessBase"]
[SourceDate "2005.11.24"]
[SourceVersion "1"]
[SourceVersionDate "2005.11.24"]
[SourceQuality "1"]

1. d4 d5 2. Nf3 Nf6 3. Bf4 Bf5 4. e3 e6 5. c4 Bxb1 6. Rxb1 Bb4+ 7. Nd2 Ne4 8. Qa4+ Nc6 9. Rd1 Nxd2 10. Rxd2 0-0 11. cxd5 exd5 12. Bb5 Bxd2+ 13. Kxd2 Ne7 14. Rc1 c6 15. Be2 Ng6 16. Bg3 Qb6 17. b4 Rfc8 18. Rc2 f5 19. h4 f4 20. h5 fxg3 21. hxg6 gxf2 22. gxh7+ Kh8 23. a3 a5 24. Qb3 Rf8 25. Rc1 axb4 26. axb4 Qa7 27. Bf3 Qa2+ 28. Qc2 Qxc2+ 29. Kxc2 Ra2+ 30. Kb3 Rxf3 31. gxf3 Re2 32. Ka4 Re1 33. Rxe1 fxe1Q 34. Ka5 Qxe3 35. Kb6 Qxd4+ 36. Kxb7 Qxb4+ 37. Kxc6 d4 38. f4 d3 0-1

[Event "Michigan Juniors"]
[Site "East Grand Rapids"]
[Date "2005.03.19"]
[Round "1.2"]
[White "Moroney, Timothy"]
[Black "Dellinger, Pat"]
[Result "1-0"]
[WhiteElo "1905"]
[BlackElo "973"]
[PlyCount "83"]
[EventDate "2005.03.19"]
[EventType "swiss"]
[EventRounds "5"]
[EventCountry "USA"]
[SourceTitle "EXT 2006"]
[Source "ChessBase"]
[SourceDate "2005.11.24"]
[SourceVersion "1"]
[SourceVersionDate "2005.11.24"]
[SourceQuality "1"]

1. e4 e5 2. Nc3 Nf6 3. Bc4 Bc5 4. d3 h6 5. f4 d6 6. Nf3 Nc6 7. Na4 Bb6 8. Nxb6 axb6 9. c3 0-0 10. 0-0 Qe7 11. f5 Na5 12. Qe1 Nxc4 13. dxc4 Bd7 14. Qh4 Kh7 15. g4 Ng8 16. g5 Rfe8 17. f6 Qe6 18. g6+ Kxg6 19. Rf2 Kh7 20. Ng5+ Kh8 21. fxg7+ Kxg7 22. Nxe6+ Rxe6 23. Be3 Rf8 24. h3 b5 25. Kh2 Rg6 26. Rg1 Rxg1 27. Kxg1 Re8 28. Bxh6+ Nxh6 29. Qf6+ Kh7 30. Rg2 Rg8 31. Rxg8 Nxg8 32. Qxf7+ Kh8 33. Qxd7 bxc4 34. Qxc7 Nf6 35. Qxd6 Kg7 36. Qxe5 Kg6 37. Qf5+ Kf7 38. e5 Ke7 39. Qxf6+ Ke8 40. e6 b6 41. Qf7+ Kd8 42. Qd7# 1-0

[Event "Michigan Juniors"]
[Site "East Grand Rapids"]
[Date "2005.03.19"]
[Round "3.2"]
[White "Moroney, Timothy"]
[Black "Perlongo, Nick"]
[Result "1-0"]
[WhiteElo "1905"]
[BlackElo "1634"]
[PlyCount "91"]
[EventDate "2005.03.19"]
[EventType "swiss"]
[EventRounds "5"]
[EventCountry "USA"]
[SourceTitle "EXT 2006"]
[Source "ChessBase"]
[SourceDate "2005.11.24"]
[SourceVersion "1"]
[SourceVersionDate "2005.11.24"]
[SourceQuality "1"]

1. e4 c6 2. d3 d5 3. Nd2 dxe4 4. dxe4 Nf6 5. Bc4 e6 6. Ngf3 Bc5 7. 0-0 0-0 8. Qe2 Qc7 9. e5 Nd5 10. Ne4 Be7 11. c3 Nd7 12. Ng3 Re8 13. Bd3 Nf8 14. Nd4 a6 15. f4 c5 16. Nc2 Ng6 17. c4 Nb4 18. Nxb4 cxb4 19. Be3 Bc5 20. Ne4 Bxe3+ 21. Qxe3 Rd8 22. Rad1 Ne7 23. g4 Bd7 24. Nd6 Kf8 25. Qe4 Qb6+ 26. Rf2 Ng6 27. Qxb7 Rab8 28. Qxb6 Rxb6 29. c5 Rc6 30. Be4 Rc7 31. Kg2 Bc6 32. Bxc6 Rxc6 33. Rc1 Rd7 34. Kg3 Rdc7 35. Rfc2 Ne7 36. f5 Nd5 37. Kf3 a5 38. Nb5 Re7 39. Nd4 Rc8 40. Ke4 Ke8 41. g5 Nc7 42. f6 gxf6 43. gxf6 Rd7 44. Rg2 Kf8 45. Rcg1 Rxd4+ 46. Kxd4 1-0

[Event "Michigan Amateur op"]
[Site "Kalamazoo"]
[Date "2004.10.23"]
[Round "2"]
[White "Crysler, Jerry"]
[Black "Moroney, Timothy"]
[Result "1/2-1/2"]
[WhiteElo "1409"]
[BlackElo "1829"]
[PlyCount "89"]
[EventDate "2004.10.23"]
[EventType "swiss"]
[EventRounds "5"]
[EventCountry "USA"]
[SourceTitle "EXT 2007"]
[Source "ChessBase"]
[SourceDate "2006.11.23"]
[SourceVersion "1"]
[SourceVersionDate "2006.11.23"]
[SourceQuality "1"]

1. Nf3 Nf6 2. c4 e6 3. b3 c5 4. Bb2 Nc6 5. d3 d5 6. cxd5 exd5 7. g3 Be7 8. Bg2 Bg4 9. Nbd2 0-0 10. 0-0 Qd7 11. Ne5 Nxe5 12. Bxe5 d4 13. Bxf6 Bxf6 14. Ne4 Be7 15. Rc1 Rac8 16. f3 Be6 17. Rc2 f5 18. Nf2 h5 19. f4 h4 20. Nh3 hxg3 21. hxg3 Kf7 22. Qe1 Bf6 23. Ng5+ Bxg5 24. fxg5 Kg6 25. e4 dxe3 26. Qxe3 b6 27. Rcf2 Rce8 28. Be4 Qc8 29. Bg2 Bd5 30. Qf4 Bxg2 31. Kxg2 Qd8 32. Qa4 Rh8 33. Qc6+ Kh7 34. Rh1+ Kg8 35. Rxh8+ Kxh8 36. Rxf5 Re2+ 37. Rf2 Qxd3 38. g6 Rxf2+ 39. Kxf2 Qd2+ 40. Kg1 Qe1+ 41. Kh2 Qe2+ 42. Kh3 Qf1+ 43. Kg4 Qe2+ 44. Kh4 Qh2+ 45. Kg4 1/2-1/2

[Event "Kalamazoo op"]
[Site "Kalamazoo"]
[Date "2003.10.25"]
[Round "1.17"]
[White "Moroney, Timothy"]
[Black "Payne, Ashlee"]
[Result "1-0"]
[WhiteElo "1720"]
[BlackElo "1027"]
[PlyCount "79"]
[EventDate "2003.10.25"]
[EventType "swiss"]
[EventRounds "5"]
[EventCountry "USA"]
[SourceTitle "EXT 2007"]
[Source "ChessBase"]
[SourceDate "2006.11.23"]
[SourceVersion "1"]
[SourceVersionDate "2006.11.23"]
[SourceQuality "1"]

1. e4 e5 2. Nf3 d6 3. d4 exd4 4. Qxd4 Nf6 5. Bg5 Be7 6. Nc3 c6 7. 0-0-0 Be6 8. Bc4 Bxc4 9. Qxc4 Qc7 10. Bxf6 Bxf6 11. Nb5 Qb6 12. Nxd6+ Ke7 13. Qxf7+ Kd8 14. Ne8+ Kc8 15. Qe6+ Nd7 16. Qxd7+ Kb8 17. e5 a5 18. exf6 gxf6 19. Qd8+ Qxd8 20. Rxd8+ Ka7 21. Rxa8+ Kxa8 22. Nxf6 Ka7 23. Re1 h6 24. Re8 Rxe8 25. Nxe8 b5 26. Ne5 c5 27. f4 Kb8 28. f5 Kc8 29. f6 Kd8 30. Nd6 c4 31. f7 Ke7 32. Ng6+ Kxd6 33. f8Q+ Kd5 34. Qf5+ Kc6 35. Qe6+ Kb7 36. Ne5 a4 37. Qc6+ Kb8 38. Nd7+ Ka7 39. Qb6+ Ka8 40. Qa6# 1-0

[Event "Kalamazoo op"]
[Site "Kalamazoo"]
[Date "2003.10.25"]
[Round "3.13"]
[White "Moroney, Timothy"]
[Black "Semerciyan, Sebuh"]
[Result "1-0"]
[WhiteElo "1720"]
[BlackElo "1370"]
[PlyCount "48"]
[EventDate "2003.10.25"]
[EventType "swiss"]
[EventRounds "5"]
[EventCountry "USA"]
[SourceTitle "EXT 2007"]
[Source "ChessBase"]
[SourceDate "2006.11.23"]
[SourceVersion "1"]
[SourceVersionDate "2006.11.23"]
[SourceQuality "1"]

1. e4 c6 2. d4 d5 3. e5 Bf5 4. Nf3 h6 5. Be2 e6 6. a3 Nd7 7. Nbd2 a6 8. c4 Ne7 9. Qb3 Qc7 10. Nf1 Bh7 11. Ne3 dxc4 12. Nxc4 Nd5 13. Bd2 b5 14. Ne3 Nf4 15. Bf1 c5 16. Rc1 Qa7 17. g3 c4 18. Qc3 Nd3+ 19. Bxd3 Bxd3 20. d5 Be4 21. dxe6 fxe6 22. Nc2 Bxf3 23. Qxf3 Nxe5 24. Qe4 Nd3+ 1-0

[Event "Auburn Hills op"]
[Site "Auburn Hills"]
[Date "2003.04.27"]
[Round "4"]
[White "Hazzard, William"]
[Black "Moroney, Timothy"]
[Result "0-1"]
[WhiteElo "1622"]
[BlackElo "1770"]
[PlyCount "62"]
[EventDate "2003.04.26"]
[EventType "swiss"]
[EventRounds "5"]
[EventCountry "USA"]
[SourceTitle "EXT 2007"]
[Source "ChessBase"]
[SourceDate "2006.11.23"]
[SourceVersion "1"]
[SourceVersionDate "2006.11.23"]
[SourceQuality "1"]

1. e4 d6 2. Bc4 Nf6 3. Nc3 c6 4. h3 b5 5. Bb3 b4 6. Nce2 Nxe4 7. d3 Nf6 8. Bd2 c5 9. a3 bxa3 10. Rxa3 Bb7 11. Ba5 Qc8 12. Ba4+ Nbd7 13. Nf3 Bxf3 14. gxf3 g6 15. Ng3 Bg7 16. Bc3 0-0 17. f4 Nb6 18. f5 Nxa4 19. Rxa4 Qc6 20. Re4 Nxe4 21. dxe4 Bxc3+ 22. bxc3 Kh8 23. Qf3 a5 24. f6 e6 25. Qf4 a4 26. Qh6 Rg8 27. Rg1 a3 28. Kd2 Qb7 29. Nh5 a2 30. f3 a1Q 31. Rg3 Qbb1 0-1

[Event "Kalamazoo op"]
[Site "Kalamazoo"]
[Date "2002.10.19"]
[Round "3.10"]
[White "Moroney, Timothy"]
[Black "Schooley, Benjamin"]
[Result "1-0"]
[WhiteElo "1639"]
[BlackElo "1157"]
[PlyCount "118"]
[EventDate "2002.10.19"]
[EventType "swiss"]
[EventRounds "5"]
[EventCountry "USA"]
[SourceTitle "EXT 2007"]
[Source "ChessBase"]
[SourceDate "2006.11.23"]
[SourceVersion "1"]
[SourceVersionDate "2006.11.23"]
[SourceQuality "1"]

1. e4 e6 2. d3 c5 3. Nf3 Nc6 4. g3 g6 5. Bg2 Bg7 6. 0-0 d6 7. Nbd2 Nge7 8. Re1 0-0 9. Nf1 Rb8 10. c3 b5 11. d4 b4 12. Bg5 bxc3 13. bxc3 Qa5 14. Qd2 cxd4 15. cxd4 Qxd2 16. N1xd2 h6 17. Bf4 e5 18. dxe5 dxe5 19. Be3 Nd4 20. Nxd4 exd4 21. Bf4 Rb7 22. Bd6 Rd7 23. e5 Rfd8 24. Nb3 Nf5 25. Nc5 Rxd6 26. exd6 Nxd6 27. Re7 a6 28. Bf1 Nb5 29. Rd1 Bf8 30. Re5 Bd6 31. Rd5 Nc3 32. R1xd4 Nxd5 33. Rxd5 a5 34. Ne4 Bc7 35. Rc5 Bb6 36. Rc6 Bd4 37. Bc4 Bb7 38. Rxg6+ Kh7 39. Rd6 Rxd6 40. Nxd6 Bc6 41. Nxf7 Bf3 42. Kf1 Kg7 43. Nd6 Bc3 44. Nf5+ Kh7 45. Bd3 Kh8 46. Nxh6 Bd5 47. Bb1 Be6 48. Nf5 Kg8 49. h4 Kf7 50. Ne3 Ke8 51. g4 Kd8 52. g5 Kc7 53. h5 Kd6 54. h6 Ke5 55. a4 Kf4 56. g6 Kg5 57. h7 Bb3 58. Ke2 Bxa4 59. Nd5 Be8 1-0

[Event "Flint Summer Scholastic op"]
[Site "Flint"]
[Date "2002.08.03"]
[Round "5"]
[White "Homa, Seth"]
[Black "Moroney, Timothy"]
[Result "1/2-1/2"]
[WhiteElo "1609"]
[BlackElo "1596"]
[PlyCount "45"]
[EventDate "2002.08.03"]
[EventType "swiss"]
[EventRounds "5"]
[EventCountry "USA"]
[SourceTitle "EXT 2009"]
[Source "ChessBase"]
[SourceDate "2008.11.26"]
[SourceVersion "1"]
[SourceVersionDate "2008.11.26"]
[SourceQuality "1"]

1. e4 e5 2. Nf3 Nc6 3. Bb5 a6 4. Ba4 Nf6 5. 0-0 Bc5 6. Nxe5 Nxe5 7. d4 Nxe4 8. dxe5 Qh4 9. Be3 Nxf2 10. Bxf2 Bxf2+ 11. Rxf2 Qxa4 12. Qf3 0-0 13. Nc3 Qc6 14. Ne4 b6 15. Re1 Bb7 16. Qg4 Qg6 17. Qh4 Rfe8 18. Rf4 Bxe4 19. Rexe4 Kf8 20. Rg4 Qf5 21. Rg5 Qe6 22. Qxh7 Qh6 23. Qxh6 1/2-1/2

[Event "Romulus op"]
[Site "Romulus"]
[Date "2002.06.22"]
[Round "3"]
[White "Bolda, Dan G"]
[Black "Moroney, Timothy"]
[Result "1-0"]
[WhiteElo "1600"]
[BlackElo "1539"]
[PlyCount "121"]
[EventDate "2002.06.21"]
[EventType "swiss"]
[EventRounds "5"]
[EventCountry "USA"]
[SourceTitle "EXT 2008"]
[Source "ChessBase"]
[SourceDate "2007.11.25"]
[SourceVersion "1"]
[SourceVersionDate "2007.11.25"]
[SourceQuality "1"]

1. d4 d5 2. c4 e6 3. Nc3 Nf6 4. cxd5 exd5 5. Bg5 Be7 6. e3 0-0 7. Bd3 Nbd7 8. Nf3 b6 9. Qc2 Bb7 10. 0-0 c5 11. dxc5 bxc5 12. Rad1 Qb6 13. Rfe1 h6 14. Bh4 Rfe8 15. h3 Bc6 16. Bg3 c4 17. Be2 Bb4 18. Nd4 Nc5 19. Nxc6 Qxc6 20. Bf3 Rad8 21. Re2 Bxc3 22. bxc3 Nfe4 23. Bxe4 Nxe4 24. Bh2 Qf6 25. Rc1 Rd7 26. Qb2 Nc5 27. Qb5 Rc8 28. Rec2 Rb7 29. Qa5 Nd3 30. Qxd5 Rb2 31. Rxb2 Nxb2 32. Be5 Qc6 33. Qxc6 Rxc6 34. Rb1 Nd3 35. Bd4 Ra6 36. Rb8+ Kh7 37. Rb7 Kg6 38. Rxa7 Rxa7 39. Bxa7 Nc1 40. a4 Ne2+ 41. Kf1 Nxc3 42. a5 Nb5 43. Bd4 f6 44. Bb6 Kf5 45. a6 Ke4 46. Ke1 Kd3 47. a7 Nxa7 48. Bxa7 c3 49. Kd1 c2+ 50. Kc1 Ke2 51. f4 Kf2 52. e4+ Kxg2 53. e5 fxe5 54. fxe5 Kxh3 55. e6 h5 56. e7 h4 57. e8Q Kh2 58. Qg6 Kh3 59. Bf2 Kh2 60. Bxh4 Kh3 61. Bf2 1-0

[Event "Romulus op"]
[Site "Romulus"]
[Date "2002.06.21"]
[Round "1"]
[White "Moroney, Timothy"]
[Black "Schey, Daniel"]
[Result "0-1"]
[WhiteElo "1539"]
[BlackElo "1649"]
[PlyCount "38"]
[EventDate "2002.06.21"]
[EventType "swiss"]
[EventRounds "5"]
[EventCountry "USA"]
[SourceTitle "EXT 2008"]
[Source "ChessBase"]
[SourceDate "2007.11.25"]
[SourceVersion "1"]
[SourceVersionDate "2007.11.25"]
[SourceQuality "1"]

1. e4 c5 2. Nf3 Nc6 3. d4 cxd4 4. Nxd4 Nf6 5. Nc3 e5 6. Ndb5 d6 7. Bg5 a6 8. Na3 b5 9. Nd5 Be7 10. Bxf6 Bxf6 11. c4 Qa5+ 12. Qd2 b4 13. Nc2 Rb8 14. Nxf6+ gxf6 15. Qxd6 b3+ 16. Ke2 bxc2 17. Qxc6+ Ke7 18. b3 Rd8 19. Qc7+ Qxc7 0-1